00464 2200181 4500001002100000005001500021035002000036007000300056008004100059020001800100082001300118084001900131100002200150245002900172260003500201300002600236650002000262INLIS00000000000143020260603080314 a0010-0626000002ta260603 1 ind  a9786235593746 a899.2213 a899.2213 BOE m0 aBoedi Tabahingati1 aMae /cBoedi Tabahingati aJakarta :bBenito Group,c2022 a189 hlm ;c20 x 14 cm aFIKSI INDONESIA